Thành ngữ tiếng Việt
Zapisane w:
| Format: | Książka |
|---|---|
| Wydane: |
2009
|
| Etykiety: |
Dodaj etykietę
Nie ma etykietki, Dołącz pierwszą etykiete!
|
| Thư viện lưu trữ: | Mạng thư viện Đại học Đà Nẵng |
|---|
| LEADER | 00457nam a22001811a 4500 | ||
|---|---|---|---|
| 001 | 000039401 | ||
| 003 | 15696 | ||
| 005 | 20160412021958.0 | ||
| 008 | 160412s2009 000 | ||
| 082 | |a 4V(TK)1452 | ||
| 245 | |a Thành ngữ tiếng Việt |c Nguyễn Lực, Lương Văn Đang | ||
| 260 | |c 2009 | ||
| OWN | |a LNN | ||
| 999 | |a From the UDN01 | ||
| TYP | |a Monograph | ||
| 980 | |a Mạng thư viện Đại học Đà Nẵng | ||